Three-letter Country Codes #1 - Statistics

General Stats
  • This quiz has been taken 38 times
  • The average score is 14 of 30
Answer Stats
Hint Answer % Correct
Australia AUS
94%
Japan JPN
82%
Austria AUT
67%
Fiji FJI
67%
Ireland IRL
67%
Singapore SGP
67%
Libya LBY
64%
Pakistan PAK
64%
Germany DEU
61%
Kuwait KWT
61%
Spain ESP
55%
Togo TGO
55%
Bangladesh BGD
48%
Costa Rica CRI
42%
Lithuania LTU
39%
Morocco MAR
39%
Uruguay URY
39%
Angola AGO
36%
Guinea GIN
36%
Croatia HRV
36%
Burundi BDI
33%
Sierra Leone SLE
30%
Burkina Faso BFA
27%
Moldova MDA
27%
Mauritius MUS
24%
Niger NER
24%
D.R. Congo COD
21%
Romania ROU
18%
Trinidad and Tobago TTO
18%
Faroe Islands FRO
15%
No matching quizzes found
Score Distribution
Percent of People with Each Score
Percentile by Number Answered
Your Score History
You have not taken this quiz